|
|
|
|
| LEADER |
00000nam0a2200000 4500 |
| 001 |
327834 |
| 005 |
20231102004011.0 |
| 035 |
|
|
|a (RuTPU)RU\TPU\book\353521
|
| 090 |
|
|
|a 327834
|
| 100 |
|
|
|a 20170206d1979 k y0rusy50 ca
|
| 101 |
0 |
|
|a rus
|
| 102 |
|
|
|a RU
|
| 105 |
|
|
|a a z 001zy
|
| 200 |
1 |
|
|a Механические и физико-химические свойства углей выбросоопасных пластов
|e [монография]
|f Б. М. Иванов, Г. Н. Фейт, М. Ф. Яновская
|g Академия наук СССР (АН СССР), Институт горного дела им. А. А. Скочинского (ИГД)
|
| 210 |
|
|
|a Москва
|c Наука
|d 1979
|
| 215 |
|
|
|a 194 с.
|c ил.
|
| 320 |
|
|
|a Библиография в конце статей
|
| 606 |
1 |
|
|a Угольные шахты
|x Выбросы угля, внезапные
|2 stltpush
|3 (RuTPU)RU\TPU\subj\62803
|9 79870
|
| 610 |
1 |
|
|a уголь
|
| 610 |
1 |
|
|a выбросоопасные пласты
|
| 610 |
1 |
|
|a механические свойства
|
| 610 |
1 |
|
|a физико-химические свойства
|
| 610 |
1 |
|
|a газодинамические свойства
|
| 610 |
1 |
|
|a выбросы
|
| 610 |
1 |
|
|a шахты
|
| 610 |
1 |
|
|a угольные пласты
|
| 610 |
1 |
|
|a исследования
|
| 610 |
1 |
|
|a классификации
|
| 610 |
1 |
|
|a метан
|
| 610 |
1 |
|
|a монографии
|
| 675 |
|
|
|a 622.831.322
|v 4
|
| 700 |
|
1 |
|a Иванов
|b Б. М.
|g Борис Михайлович
|
| 701 |
|
1 |
|a Фейт
|b Г. Н.
|g Герман Николаевич
|
| 701 |
|
1 |
|a Яновская
|b М. Ф.
|g Мария Федоровна
|
| 712 |
0 |
2 |
|a Академия наук СССР (АН СССР)
|b Институт горного дела им. А. А. Скочинского (ИГД)
|c (Люберцы)
|2 stltpush
|3 (RuTPU)RU\TPU\col\11351
|
| 801 |
|
1 |
|a RU
|b 63413507
|c 20170206
|
| 801 |
|
2 |
|a RU
|b 63413507
|c 20170208
|g RCR
|
| 942 |
|
|
|c BK
|